<?xml version="1.0" encoding="UTF-8"?><?xml-stylesheet type="text/xsl" href="static/style.xsl"?><OAI-PMH xmlns="http://www.openarchives.org/OAI/2.0/" xmlns:xsi="http://www.w3.org/2001/XMLSchema-instance" xsi:schemaLocation="http://www.openarchives.org/OAI/2.0/ http://www.openarchives.org/OAI/2.0/OAI-PMH.xsd"><responseDate>2026-04-17T12:12:13Z</responseDate><request verb="GetRecord" identifier="oai:www.recercat.cat:10230/71130" metadataPrefix="marc">https://recercat.cat/oai/request</request><GetRecord><record><header><identifier>oai:recercat.cat:10230/71130</identifier><datestamp>2025-09-09T21:52:51Z</datestamp><setSpec>com_2072_6</setSpec><setSpec>col_2072_452952</setSpec></header><metadata><record xmlns="http://www.loc.gov/MARC21/slim" xmlns:dcterms="http://purl.org/dc/terms/" xmlns:xsi="http://www.w3.org/2001/XMLSchema-instance" xmlns:doc="http://www.lyncode.com/xoai" xsi:schemaLocation="http://www.loc.gov/MARC21/slim http://www.loc.gov/standards/marcxml/schema/MARC21slim.xsd">
   <leader>00925njm 22002777a 4500</leader>
   <datafield ind2=" " ind1=" " tag="042">
      <subfield code="a">dc</subfield>
   </datafield>
   <datafield ind2=" " ind1=" " tag="720">
      <subfield code="a">Monti, Juan Manuel</subfield>
      <subfield code="e">author</subfield>
   </datafield>
   <datafield ind2=" " ind1=" " tag="720">
      <subfield code="a">Sanz Perl, Yonatan</subfield>
      <subfield code="e">author</subfield>
   </datafield>
   <datafield ind2=" " ind1=" " tag="720">
      <subfield code="a">Tagliazucchi, Enzo</subfield>
      <subfield code="e">author</subfield>
   </datafield>
   <datafield ind2=" " ind1=" " tag="720">
      <subfield code="a">Kringelbach, Morten L.</subfield>
      <subfield code="e">author</subfield>
   </datafield>
   <datafield ind2=" " ind1=" " tag="720">
      <subfield code="a">Deco, Gustavo</subfield>
      <subfield code="e">author</subfield>
   </datafield>
   <datafield ind2=" " ind1=" " tag="260">
      <subfield code="c">2025-09-08T07:10:40Z</subfield>
   </datafield>
   <datafield ind2=" " ind1=" " tag="260">
      <subfield code="c">2025-09-08T07:10:40Z</subfield>
   </datafield>
   <datafield ind2=" " ind1=" " tag="260">
      <subfield code="c">2025</subfield>
   </datafield>
   <datafield ind2=" " ind1=" " tag="520">
      <subfield code="a">The brain is able to sustain many different states as shown by the daily natural transitions between wakefulness and sleep. Yet, the underlying complex dynamics of these brain states are essentially in nonequilibrium. Here, we develop a thermodynamical formalism based on the off-equilibrium extension of the fluctuation-dissipation theorem (FDT) together with a whole-brain model. This allows us to investigate the nonequilibrium dynamics of different brain states and more specifically to apply this formalism to wakefulness and deep sleep brain states. We show that the off-equilibrium thermodynamical signatures of brain states are significantly different in terms of the overall level of differential and integral violation of FDT. Furthermore, the framework allows for a detailed understanding of how different brain regions and networks are contributing to the off-equilibrium signatures in different brain states. Overall, this framework shows great promise for characterizing and differentiating brain states in health and disease.</subfield>
   </datafield>
   <datafield ind2=" " ind1=" " tag="520">
      <subfield code="a">J.M.M. acknowledges financial support from CONICET through external scholarship for researchers. G.D. was supported by several sources: NEMESIS project (Ref. 101071900) funded by the EU ERC Synergy Horizon Europe; AGAUR research support Grant (Ref. 2021 SGR 00917) funded by the Department of Research and Universities of the Generalitat of Catalunya; and Project PID2022-136216NB-I00 financed by the MCIN /AEI /10.13039/501100011033 / FEDER, UE., the Ministry of Science and Innovation, the State Research Agency and the European Regional Development Fund. M.L.K. is supported by the Centre for Eudaimonia and Human Flourishing (funded by the Pettit and Carlsberg Foundations) and Center for Music in the Brain (funded by the Danish National Research Foundation, DNRF117). Y.S.P. is supported by European Union's Horizon 2020 research and innovation program under the Marie Sklodowska-Curie Grant 896354.</subfield>
   </datafield>
   <datafield ind1="8" ind2=" " tag="024">
      <subfield code="a">http://hdl.handle.net/10230/71130</subfield>
   </datafield>
   <datafield tag="653" ind2=" " ind1=" ">
      <subfield code="a">Cervell</subfield>
   </datafield>
   <datafield tag="653" ind2=" " ind1=" ">
      <subfield code="a">Neurociències</subfield>
   </datafield>
   <datafield tag="653" ind2=" " ind1=" ">
      <subfield code="a">Neurones</subfield>
   </datafield>
   <datafield ind2="0" ind1="0" tag="245">
      <subfield code="a">Fluctuation-dissipation theorem and the discovery of distinctive off-equilibrium signatures of brain states</subfield>
   </datafield>
</record></metadata></record></GetRecord></OAI-PMH>